Album Prefaces and Other Documents on the History of Calligraphers and Painters /
This volume contains album prefaces in the original Persian version with English translation, miscellaneous documents relating to calligraphers and painters, and specimens of travel literature from the Timurid and Safavid periods.
المؤلف الرئيسي:
التنسيق: كتاب الكتروني
اللغة: English
منشور في:
Leiden; Boston :
BRILL,
2001.
سلاسل:
Brill Book Archive Part 1, ISBN: 9789004472495.
Muqarnas, Supplements ;
10.
الموضوعات:
الوصول للمادة أونلاين: Login to view Source
الوسوم: إضافة وسم
رقم الطلب: N7283
| LEADER | 02061nam a22004818i 4500 | ||
|---|---|---|---|
| 001 | BRILL9789004492301 | ||
| 003 | nllekb | ||
| 005 | 20211118222632.0 | ||
| 006 | m d | ||
| 007 | cr un uuuua | ||
| 008 | 200716s2001 ne sb 001 0 eng d | ||
| 010 | |z 00052992 | ||
| 020 | |a 9789004492301 |q (electronic book) | ||
| 020 | |a 9789004119611 |q (print) | ||
| 024 | 7 | |a 10.1163/9789004492301 |2 DOI | |
| 035 | |z (OCoLC)45446189 | ||
| 040 | |a NL-LeKB |c NL-LeKB |e rda | ||
| 050 | 4 | |a N7283 | |
| 072 | 7 | |a AC |2 bicssc | |
| 072 | 7 | |a ART |x 015000 |2 bisacsh | |
| 082 | 0 | 4 | |a 745.6 |2 23 |
| 100 | 1 | |a Thackston, Wheeler |e author. | |
| 245 | 1 | 0 | |a Album Prefaces and Other Documents on the History of Calligraphers and Painters / |c Wheeler Thackston. |
| 264 | 1 | |a Leiden; |a Boston : |b BRILL, |c 2001. | |
| 300 | |a 1 online resource. | ||
| 336 | |a text |b txt |2 rdacontent | ||
| 337 | |a computer |b c |2 rdamedia | ||
| 338 | |a online resource |2 rdacarrier | ||
| 490 | 1 | |a Brill Book Archive Part 1, ISBN: 9789004472495 | |
| 490 | 1 | |a Muqarnas, Supplements ; |v 10 | |
| 504 | |a Includes bibliographical references and index. | ||
| 520 | |a This volume contains album prefaces in the original Persian version with English translation, miscellaneous documents relating to calligraphers and painters, and specimens of travel literature from the Timurid and Safavid periods. | ||
| 588 | |a Description based on print version record. | ||
| 650 | 0 | |a Calligraphers |z Iran |x History |v Sources. | |
| 650 | 0 | |a Islamic art |z Iran |x Historiography |v Sources. | |
| 650 | 0 | |a Painters |z Iran |x History |v Sources. | |
| 776 | 0 | 8 | |i Print version: |t Album Prefaces and Other Documents on the History of Calligraphers and Painters. |d Leiden ; Boston : BRILL, 2001 |z 9789004119611 |
| 830 | 0 | |a Brill Book Archive Part 1, ISBN: 9789004472495. | |
| 830 | 0 | |a Muqarnas, Supplements ; |v 10. | |
| 856 | 4 | |z DOI: |u http://dx.doi.org/10.1163/9789004492301 | |
| 942 | |2 lcc |c EBOOK | ||
| 952 | |0 0 |1 0 |2 lcc |4 0 |7 1 |9 23289 |a BRILL |b BRILL |d 2021-11-18 |l 0 |r 2021-11-18 00:00:00 |w 2021-11-18 |y EBOOK | ||
| 999 | |c 40763 |d 40763 | ||
